Embryology explained : a comprehensive textbook for medical students and & residents (Record no. 43779)
[ view plain ]
| 000 -LEADER | |
|---|---|
| fixed length control field | 00439nam a22001337a 4500 |
| 008 - FIXED-LENGTH DATA ELEMENTS--GENERAL INFORMATION | |
| fixed length control field | 251015b |||||||| |||| 00| 0 eng d |
| 020 ## - INTERNATIONAL STANDARD BOOK NUMBER | |
| International Standard Book Number | 9781032766669 |
| 050 ## - LIBRARY OF CONGRESS CALL NUMBER | |
| Classification number | QM 601 .K225 K39 |
| Item number | 0199244 |
| 245 ## - TITLE STATEMENT | |
| Title | Embryology explained : a comprehensive textbook for medical students and & residents |
| 260 ## - PUBLICATION, DISTRIBUTION, ETC. | |
| Place of publication, distribution, etc. | Boca Raton |
| Name of publisher, distributor, etc. | CRC Press |
| Date of publication, distribution, etc. | 2025 |
| 300 ## - PHYSICAL DESCRIPTION | |
| Extent | ix, 171 pages color illustrations |
| Type of unit | Book |
| Size of unit | 24 cm |
| 942 ## - ADDED ENTRY ELEMENTS (KOHA) | |
| Source of classification or shelving scheme | Library of Congress Classification |
No items available.